| 000 | 00720nam a2200205Ia 4500 | ||
|---|---|---|---|
| 008 | 130821s1991 mx gr spa | ||
| 020 | _a9681635981 | ||
| 040 |
_aCo-BoUCM _bspa |
||
| 041 | _aspa | ||
| 245 | 0 | 3 |
_aEl desarrollo desde dentro un enfoque neoestructuralista para la América Latina _cOsvaldo Sunkel,compilador. |
| 260 |
_aMéxico D.F. (México) _bFondo de Cultura Económica _c1991 |
||
| 300 | _a507 páginas | ||
| 490 |
_aLecturas El Trimestre Económico _v71 |
||
| 500 | _aIncluye índice. | ||
| 650 | 0 | 4 |
_aDesarrollo económico _912956 |
| 650 | 0 | 4 |
_aPolítica económica _921972 |
| 700 | 1 |
_aSunkel, Osvaldo _ecomp. |
|
| 942 |
_cLIBRO _a7 _e1 _mD37 _2DEWEY _h339.5 |
||
| 999 |
_c1683 _d1683 |
||